Chess or Cheese? Quiz Stats

 Plays Quiz Updated Aug 17, 2014

Support Sporcle.
Go Orange.
Score 0/15 Timer 03:00
5 Plays Today
% Correct
Gruyere
82.2%
Double Gloucester
81.1%
Cheshire
79.9%
Lancashire
78.1%
Stilton
75.2%
Cornish Yarg
73.6%
Wensleydale
68.8%
Northumberland
67.2%
% Correct
Derby
65%
Burland Green
64.6%
Halloumi
63.9%
Charlton
56.5%
Gevrik
41.7%
Parlick Fell
39.1%
Slipcote
35%

You're not logged in!

Compare scores with friends on all Sporcle quizzes.
OR
Log In

From the Vault

Fantasy Movie Match-Up

by babymonkee

This is a fantastic movie quiz. FANTASTIC!
Remove Ads.
Support Sporcle.
Get the best of Sporcle when you Go Orange. This ad-free experience offers more features, more stats, and more fun while also helping to support Sporcle. Thank you for becoming a member.

Show Comments

Extras

Top Quizzes Today


Score Distribution

Your Account Isn't Verified!

In order to create a playlist on Sporcle, you need to verify the email address you used during registration. Go to your Sporcle Settings to finish the process.

Report this User

Report this user for behavior that violates our Community Guidelines.

Details: